Normal view
MARC view
- SIX SIGMA HANDBOOK. , SIX SIGMA IMPLEMENTATION AND MANAGEMENT. , TRAINING FOR SIX SIGMA. , SIX SIGMA PROJECTS. , SIX SIGMA TOOLS AND TECHNIQUES
Entry Topical Term
001 - CONTROL NUMBER
- control field: 64227
003 - CONTROL NUMBER IDENTIFIER
- control field: NUST
005 - DATE AND TIME OF LATEST TRANSACTION
- control field: 20210628203237.0
008 - FIXED-LENGTH DATA ELEMENTS
- fixed length control field: 210628|| aca||aabn | a|a d
040 ## - CATALOGING SOURCE
- Original cataloging agency: NUST
- Transcribing agency: NUST
150 ## - HEADING--TOPICAL TERM
- Topical term or geographic name entry element: SIX SIGMA HANDBOOK. , SIX SIGMA IMPLEMENTATION AND MANAGEMENT. , TRAINING FOR SIX SIGMA. , SIX SIGMA PROJECTS. , SIX SIGMA TOOLS AND TECHNIQUES
670 ## - SOURCE DATA FOUND
- Source citation: Work cat.: (NUST): Pyzdek, Thomas 62083, The six sigma handbook , a complete guide for green belts, black belts, and managers at all levels, 2003
